Plants vs. Zombies Games - Statistics

General Stats
  • This quiz has been taken 25 times
  • The average score is 4 of 8
Answer Stats
Year Game % Correct
2009 Plants vs. Zombies
100%
2013 Plants vs. Zombies 2
67%
2014 Plants vs. Zombies Garden Warfare
67%
2016 Plants vs. Zombies Garden Warfare 2
53%
2019-Partially Released Plants vs. Zombies 3
40%
2019 Plants vs. Zombies Battle for Neighborville
33%
2016 Plants vs. Zombies Heroes
33%
2013-Discontinued Plants vs. Zombies Adventures
27%
No matching quizzes found
Score Distribution
Percent of People with Each Score
Percentile by Number Answered
Your Score History
You have not taken this quiz